Texty k štúdiu politických systémov

Salvato in:
Dettagli Bibliografici
Autore principale: Vokálová, Emília
Ente Autore: Ekonomická univerzita v Bratislave. Fakulta medzinárodných vzťahov
Altri autori: Kupkovič, Miroslav
Natura: Libro
Lingua:slovacco
Pubblicazione: Bratislava Vydavateľstvo EKONÓM 2004
Edizione:2. dopln. vyd.
Soggetti:
Tags: Aggiungi Tag
Nessun Tag, puoi essere il primo ad aggiungerne!!

MARC

LEADER 00000nam a2200000 4500
001 0022914
005 20240502071415.3
020 |a 80-225-1934-0 
041 0 |a slo 
044 |a SK 
245 1 0 |a Texty k štúdiu politických systémov  |c Emília Vokálová, Miroslav Kupkovič 
250 |a 2. dopln. vyd. 
264 1 |a Bratislava  |b Vydavateľstvo EKONÓM  |c 2004 
300 |a 176 s. 
610 2 0 |a systémy politické 
610 2 0 |a zákony 
610 2 0 |a parlamenty 
610 2 0 |a charta 
610 2 0 |a dokumenty 
610 2 0 |a história 
610 2 0 |a štát 
610 2 0 |a právo štátne 
610 2 0 |a právo ústavné 
610 2 0 |a USA 
610 2 0 |a Veľká Británia 
610 2 0 |a Nemecko 
610 2 0 |a Taliansko 
610 2 0 |a Francúzsko 
610 2 0 |a Česko 
100 1 |a Vokálová, Emília 
700 1 |a Kupkovič, Miroslav 
710 2 |a Ekonomická univerzita v Bratislave. Fakulta medzinárodných vzťahov